000
00324nam a2200109Ia 4500
008
200302s9999 xx 000 0 und d
100
_a
Edward Hollis
245
_a
The secret lives of buildings from the parthenon to the vegas strip in thirteen stories
260
_b
Portobello Books Ltd.,
260
_c
2009
300
_a
388 P.,
999
_c
4160
_d
4160